000 00330 a2200145 4500
001 169557
020 _a
040 _cMagnum
100 _aRogers, Carl
240 1 0 _aPsicoterapia y relaciones humanas - v.1
_lpor
245 1 0 _aPsicoterapia y relaciones humanas - v.1
362 0 _a1899
697 _aPSICOLOGIA
942 _cBK
999 _c169557
_d169557